[Event "Olaine Open Rapid 2018"]
[Site "Olaine"]
[Date "2018.11.25"]
[Round "4.4"]
[White "Ramma, Kaspars"]
[Black "Dzjuba, Vsevolod"]
[Result "0-1"]
[WhiteElo "2107"]
[BlackElo "2238"]
[PlyCount "98"]
[EventDate "2018.11.24"]
[EventType "swiss"]
[EventCountry "LAT"]
[TimeControl "600+5"]
[WhiteClock "0:00:37"]
[BlackClock "0:00:31"]

1. d4 {[%emt 0:00:00]} Nf6 {[%emt 0:00:00]} 2. Bf4 {[%emt 0:00:02]} e6 {[%emt 0:00:04]} 3. e3 {[%emt 0:00:01]} c5 {[%emt 0:00:10]} 4. c3 {[%emt 0:00:05]} Nc6 {[%emt 0:00:13]} 5. Nd2 {[%emt 0:00:11]} d5 {[%emt 0:00:05]} 6. Ngf3 {[%emt 0:00:08]} Bd6 {[%emt 0:00:02]} 7. Bg3 {[%emt 0:00:09]} O-O {[%emt 0:00:07]} 8. Bd3 {[%emt 0:00:07]} b6 {[%emt 0:00:04]} 9. Ne5 {[%emt 0:00:17]} Bb7 {[%emt 0:00:02]} 10. f4 {[%emt 0:00:05]} Ne7 {[%emt 0:00:03]} 11. Qf3 {[%emt 0:00:49]} Nf5 {[%emt 0:00:02]} 12. Bf2 {[%emt 0:01:16]} Be7 {[%emt 0:00:02]} 13. g4 {[%emt 0:00:55]} Nd6 {[%emt 0:00:03]} 14. g5 {[%emt 0:00:15]} Nfe4 {[%emt 0:00:01]} 15. Ke2 {[%emt 0:00:38]} Rc8 {[%emt 0:02:56]} 16. Rhg1 {[%emt 0:00:45]} c4 {[%emt 0:00:03]} 17. Bc2 {[%emt 0:01:09]} b5 {[%emt 0:00:02]} 18. a3 {[%emt 0:00:01]} a5 {[%emt 0:00:01]} 19. Qh3 {[%emt 0:00:50]} b4 {[%emt 0:00:45]} 20. Nxe4 {[%emt 0:01:08]} dxe4 {[%emt 0:00:02]} 21. a4 {[%emt 0:00:42]} Bd5 {[%emt 0:00:20]} 22. Rg4 {[%emt 0:00:17]} Nf5 {[%emt 0:00:27]} 23. Qg2 {[%emt 0:00:08]} bxc3 {[%emt 0:00:10]} 24. bxc3 {[%emt 0:00:02]} Rb8 {[%emt 0:00:07]} 25. Qh1 {[%emt 0:00:27]} Rb2 {[%emt 0:01:50]} 26. Qc1 {[%emt 0:00:10]} Qb6 {[%emt 0:00:20]} 27. Kd1 {[%emt 0:01:05]} Rd8 {[%emt 0:00:44]} 28. Be1 {[%emt 0:00:05]} Bd6 {[%emt 0:01:08]} 29. Bd2 {[%emt 0:00:02]} Bxe5 {[%emt 0:00:04]} 30. fxe5 {[%emt 0:00:02]} Rb8 {[%emt 0:00:06]} 31. Ke2 {[%emt 0:00:08]} Qc6 {[%emt 0:00:29]} 32. Rg1 {[%emt 0:00:04]} Nh4 {[%emt 0:00:16]} 33. Be1 {[%emt 0:00:25]} Nf3 {[%emt 0:00:03]} 34. Rg2 {[%emt 0:00:05]} Qd7 {[%emt 0:01:21]} 35. Kf1 {[%emt 0:00:01]} Bc6 {[%emt 0:00:04]} 36. h4 {[%emt 0:00:11]} R2b3 {[%emt 0:00:08]} 37. Bxb3 {[%emt 0:00:08]} cxb3 {[%emt 0:00:01]} 38. c4 {[%emt 0:00:04]} Bxa4 {[%emt 0:00:11]} 39. Bxa5 {[%emt 0:00:01]} Bc6 {[%emt 0:00:10]} 40. Bc3 {[%emt 0:00:02]} Nxh4 {[%emt 0:00:05]} 41. Rg4 {[%emt 0:00:06]} Nf3 {[%emt 0:00:02]} 42. Qb2 {[%emt 0:00:04]} Qe7 {[%emt 0:00:11]} 43. Ra3 {[%emt 0:00:03]} Nxg5 {[%emt 0:00:09]} 44. Rxb3 {[%emt 0:00:02]} Rc8 {[%emt 0:00:04]} 45. Bb4 {[%emt 0:00:03]} Qd8 {[%emt 0:00:02]} 46. Bd6 {[%emt 0:00:02]} Nf3 {[%emt 0:00:03]} 47. Rb8 {[%emt 0:00:08]} Rxb8 {[%emt 0:00:01]} 48. Qxb8 {[%emt 0:00:01]} Qxb8 {[%emt 0:00:02]} 49. Bxb8 {[%emt 0:00:02]} Nh2+ {[%emt 0:00:03]} 0-1

[Event "Olaine Open Rapid 2018"]
[Site "Olaine"]
[Date "2018.11.25"]
[Round "4.5"]
[White "Mierins, Eriks"]
[Black "Lavendelis, Egons"]
[Result "0-1"]
[WhiteElo "2240"]
[BlackElo "2290"]
[PlyCount "76"]
[EventDate "2018.11.24"]
[EventType "swiss"]
[EventCountry "LAT"]
[TimeControl "600+5"]
[WhiteClock "0:01:29"]
[BlackClock "0:00:07"]

1. e4 {[%emt 0:00:00]} c5 {[%emt 0:00:00]} 2. Nf3 {[%emt 0:00:00]} Nc6 {[%emt 0:00:00]} 3. d4 {[%emt 0:00:00]} cxd4 {[%emt 0:00:00]} 4. Nxd4 {[%emt 0:00:00]} Nf6 {[%emt 0:00:00]} 5. Nc3 {[%emt 0:00:01]} e6 {[%emt 0:00:00]} 6. Be2 {[%emt 0:00:34]} Bb4 {[%emt 0:00:04]} 7. O-O {[%emt 0:00:06]} Bxc3 {[%emt 0:00:08]} 8. bxc3 {[%emt 0:00:02]} Nxe4 {[%emt 0:00:02]} 9. Bf3 {[%emt 0:01:37]} Nxc3 {[%emt 0:03:48]} 10. Qd3 {[%emt 0:00:26]} Nxd4 {[%emt 0:00:02]} 11. Qxd4 {[%emt 0:00:21]} Qf6 {[%emt 0:00:25]} 12. Qxf6 {[%emt 0:02:16]} gxf6 {[%emt 0:00:00]} 13. Bb2 {[%emt 0:00:03]} Na4 {[%emt 0:00:25]} 14. Bxf6 {[%emt 0:00:11]} Rg8 {[%emt 0:00:21]} 15. Be4 {[%emt 0:03:26]} h6 {[%emt 0:01:40]} 16. f3 {[%emt 0:00:08]} Nb6 {[%emt 0:01:03]} 17. Bh7 {[%emt 0:00:06]} Rg6 {[%emt 0:00:03]} 18. Bxg6 {[%emt 0:00:03]} fxg6 {[%emt 0:00:01]} 19. c4 {[%emt 0:00:17]} Nxc4 {[%emt 0:00:08]} 20. Rac1 {[%emt 0:00:20]} d5 {[%emt 0:00:03]} 21. g4 {[%emt 0:00:14]} Kf7 {[%emt 0:00:02]} 22. Bd4 {[%emt 0:00:05]} e5 {[%emt 0:01:15]} 23. Bc3 {[%emt 0:00:11]} Bd7 {[%emt 0:00:07]} 24. f4 {[%emt 0:00:23]} e4 {[%emt 0:00:01]} 25. h3 {[%emt 0:00:34]} h5 {[%emt 0:00:23]} 26. gxh5 {[%emt 0:00:20]} gxh5 {[%emt 0:00:02]} 27. Bd4 {[%emt 0:00:08]} Bxh3 {[%emt 0:00:14]} 28. Rf2 {[%emt 0:00:05]} Rg8+ {[%emt 0:00:08]} 29. Kh2 {[%emt 0:00:03]} Bg4 {[%emt 0:00:01]} 30. Bxa7 {[%emt 0:00:10]} e3 {[%emt 0:00:13]} 31. Rg2 {[%emt 0:00:12]} e2 {[%emt 0:00:01]} 32. Bf2 {[%emt 0:00:10]} Nd2 {[%emt 0:00:17]} 33. Rc7+ {[%emt 0:00:04]} Ke6 {[%emt 0:00:01]} 34. Rxb7 {[%emt 0:00:03]} e1=Q {[%emt 0:00:27]} 35. Bxe1 {[%emt 0:00:01]} Nf3+ {[%emt 0:00:01]} 36. Kg3 {[%emt 0:00:09]} Nxe1 {[%emt 0:00:01]} 37. Rgb2 {[%emt 0:00:39]} Bf5+ {[%emt 0:00:12]} 38. Kh2 {[%emt 0:00:00]} Nf3+ {[%emt 0:00:02]} 0-1

[Event "Olaine Open Rapid 2018"]
[Site "Olaine"]
[Date "2018.11.25"]
[Round "4.6"]
[White "Sinauridze, Simons"]
[Black "Berzinsh, Roland"]
[Result "0-1"]
[WhiteElo "2053"]
[BlackElo "2409"]
[PlyCount "34"]
[EventDate "2018.11.24"]
[EventType "swiss"]
[EventCountry "LAT"]
[TimeControl "600+5"]
[WhiteClock "0:06:32"]
[BlackClock "0:03:02"]

1. e4 {[%emt 0:00:00]} e5 {[%emt 0:00:00]} 2. Nf3 {[%emt 0:00:02]} Nc6 {[%emt 0:00:00]} 3. d4 {[%emt 0:00:04]} exd4 {[%emt 0:00:01]} 4. Nxd4 {[%emt 0:00:02]} Nf6 {[%emt 0:00:04]} 5. Nc3 {[%emt 0:00:02]} Bb4 {[%emt 0:00:01]} 6. Nxc6 {[%emt 0:00:05]} bxc6 {[%emt 0:00:02]} 7. Bd3 {[%emt 0:00:01]} d5 {[%emt 0:00:01]} 8. e5 {[%emt 0:00:19]} Ng4 {[%emt 0:00:31]} 9. O-O {[%emt 0:00:14]} O-O {[%emt 0:00:57]} 10. Bf4 {[%emt 0:00:23]} Re8 {[%emt 0:01:07]} 11. Qe2 {[%emt 0:02:15]} f6 {[%emt 0:00:36]} 12. e6 {[%emt 0:01:43]} Bxe6 {[%emt 0:00:04]} 13. Rae1 {[%emt 0:02:19]} Bd6 {[%emt 0:00:57]} 14. Bxd6 {[%emt 0:00:38]} Qxd6 {[%emt 0:00:02]} 15. f4 {[%emt 0:00:01]} Bd7 {[%emt 0:00:24]} 16. Qf3 {[%emt 0:00:06]} Qc5+ {[%emt 0:00:04]} 17. Kh1 {[%emt 0:00:09]} Rxe1 {[%emt 0:00:02]} 0-1

[Event "Olaine Open Rapid 2018"]
[Site "Olaine"]
[Date "2018.11.25"]
[Round "5.1"]
[White "Dzjuba, Vsevolod"]
[Black "Neiksans, Arturs"]
[Result "0-1"]
[WhiteElo "2238"]
[BlackElo "2553"]
[Annotator "TA"]
[PlyCount "60"]
[EventDate "2018.11.24"]
[EventType "swiss"]
[EventCountry "LAT"]

{[%evp 25,60,-22,-21,-14,-24,-39,0,-89,-85,-156,-43,-116,-28,-27,-25,-24,-24,-42,-28,-37,-16,-27,-4,-30,-30,-78,-82,-80,-83,-78,-71,-257,-266,-383,-382,-975,-976]} 1. e4 c5 2. Nf3 e6 3. d4 cxd4 4. Nxd4 Nc6 5. Nc3 a6 6. g3 d6 7. Bg2 Bd7 8. O-O Be7 9. Re1 Nf6 10. a4 O-O 11. h3 Qc7 12. Nb3 {B80: Sicilian Scheveningen: 6 g3 and 6 Be3, including English Attack} Ne5 13. a5 Nc4 {LiveBook: 3 Games} 14. Qe2 {The position is equal.} (14. f4 h6 15. Kh2 Rfd8 16. Qe2 Rac8 17. Qf2 Bc6 18. Bf1 Be8 {0-1 (42) Perez Mitjans,O (2402)-Oliva Castaneda,K (2479) Badalona 2018}) 14... Rac8 15. g4 $146 ({Predecessor:} 15. Kh1 Be8 16. f4 Nd7 17. Nb1 Bf6 18. c3 Nb8 {1-0 (50) Balsinek,P (2155)-Nemec,Z Moravia 2002}) 15... g6 16. h4 {[#]} (16. f4 $11) 16... Ne8 $1 $17 17. h5 {[#]} (17. Rd1 $142) 17... g5 (17... gxh5 $1 $17 18. Bh6 Nxb2 19. Bxf8 Kxf8) 18. Nd2 (18. Nd1 $15) 18... Ne5 ({Black should play} 18... Nxa5 $17 19. h6 f6) 19. Nf3 $11 h6 20. Nxe5 dxe5 21. Rd1 Nf6 22. Be3 Bc5 23. f3 Rfd8 24. Bf1 Be8 25. Kf2 Bxe3+ 26. Qxe3 Rxd1 27. Rxd1 Qxa5 28. Qa7 $2 (28. Rd2 $17) 28... Qb4 $19 29. Bd3 (29. Rd2 $142) 29... Qxb2 30. Na4 $2 (30. Ne2) 30... Bxa4 {Accuracy: White = 18%, Black = 47%.} 0-1

[Event "Olaine Open Rapid 2018"]
[Site "Olaine"]
[Date "2018.11.25"]
[Round "5.2"]
[White "Lavendelis, Egons"]
[Black "Levchenkov, Vitaly"]
[Result "1-0"]
[WhiteElo "2290"]
[BlackElo "2150"]
[PlyCount "97"]
[EventDate "2018.11.24"]
[EventType "swiss"]
[EventCountry "LAT"]
[TimeControl "600+5"]
[WhiteClock "0:00:20"]
[BlackClock "0:02:01"]

1. Nf3 {[%emt 0:00:00]} Nf6 {[%emt 0:00:00]} 2. g3 {[%emt 0:00:00]} g6 {[%emt 0:00:00]} 3. Bg2 {[%emt 0:00:00]} Bg7 {[%emt 0:00:00]} 4. O-O {[%emt 0:00:02]} O-O {[%emt 0:00:02]} 5. d4 {[%emt 0:00:02]} d5 {[%emt 0:00:02]} 6. Nbd2 {[%emt 0:00:08]} Ne4 {[%emt 0:00:05]} 7. e3 {[%emt 0:00:14]} c5 {[%emt 0:00:17]} 8. c3 {[%emt 0:00:02]} cxd4 {[%emt 0:01:16]} 9. Nxe4 {[%emt 0:00:29]} dxe4 {[%emt 0:00:02]} 10. Nxd4 {[%emt 0:00:02]} e5 {[%emt 0:00:19]} 11. Nb5 {[%emt 0:00:25]} Qb6 {[%emt 0:00:39]} 12. c4 {[%emt 0:00:12]} a6 {[%emt 0:00:31]} 13. Nc3 {[%emt 0:00:03]} f5 {[%emt 0:00:12]} 14. b3 {[%emt 0:00:16]} Rd8 {[%emt 0:00:41]} 15. Nd5 {[%emt 0:00:19]} Qc5 {[%emt 0:00:55]} 16. a4 {[%emt 0:00:57]} Nc6 {[%emt 0:01:55]} 17. Ba3 {[%emt 0:00:08]} Qa7 {[%emt 0:00:05]} 18. Qc2 {[%emt 0:03:05]} b6 {[%emt 0:01:03]} 19. Rad1 {[%emt 0:00:55]} Be6 {[%emt 0:00:04]} 20. Rd2 {[%emt 0:00:08]} Rd7 {[%emt 0:00:10]} 21. Rfd1 {[%emt 0:00:08]} Rad8 {[%emt 0:00:03]} 22. Bf1 {[%emt 0:00:06]} Qb7 {[%emt 0:00:35]} 23. h4 {[%emt 0:00:28]} h5 {[%emt 0:00:13]} 24. Be2 {[%emt 0:00:28]} Kh7 {[%emt 0:00:06]} 25. Kf1 {[%emt 0:00:31]} Kg8 {[%emt 0:00:01]} 26. Ke1 {[%emt 0:00:03]} Kh7 {[%emt 0:00:01]} 27. Nc3 {[%emt 0:00:05]} Nd4 {[%emt 0:00:54]} 28. Qb1 {[%emt 0:00:45]} Nf3+ {[%emt 0:00:20]} 29. Bxf3 {[%emt 0:00:03]} exf3 {[%emt 0:00:01]} 30. Rxd7 {[%emt 0:00:08]} Rxd7 {[%emt 0:00:01]} 31. Rxd7 {[%emt 0:00:05]} Qxd7 {[%emt 0:00:04]} 32. Qd1 {[%emt 0:00:01]} Qxd1+ {[%emt 0:00:43]} 33. Kxd1 {[%emt 0:00:01]} Kg8 {[%emt 0:00:41]} 34. Bd6 {[%emt 0:00:07]} e4 {[%emt 0:00:08]} 35. Kc2 {[%emt 0:00:14]} Bxc3 {[%emt 0:00:25]} 36. Kxc3 {[%emt 0:00:02]} Bd7 {[%emt 0:00:05]} 37. Bc7 {[%emt 0:00:52]} b5 {[%emt 0:00:02]} 38. cxb5 {[%emt 0:00:01]} axb5 {[%emt 0:00:02]} 39. a5 {[%emt 0:00:01]} Kf7 {[%emt 0:00:18]} 40. Kd4 {[%emt 0:00:00]} b4 {[%emt 0:00:05]} 41. Kc5 {[%emt 0:00:03]} Bc8 {[%emt 0:00:06]} 42. Kxb4 {[%emt 0:00:01]} Ke6 {[%emt 0:00:01]} 43. Kc5 {[%emt 0:00:01]} Kd7 {[%emt 0:00:01]} 44. Be5 {[%emt 0:00:05]} Bb7 {[%emt 0:00:09]} 45. b4 {[%emt 0:00:01]} Kc8 {[%emt 0:00:04]} 46. b5 {[%emt 0:00:01]} Kd7 {[%emt 0:00:05]} 47. a6 {[%emt 0:00:09]} Bc8 {[%emt 0:00:06]} 48. Kb6 {[%emt 0:00:05]} Kd8 {[%emt 0:00:02]} 49. a7 {[%emt 0:00:02]} 1-0

[Event "Olaine Open Rapid 2018"]
[Site "Olaine"]
[Date "2018.11.25"]
[Round "5.3"]
[White "Miezis, Normunds"]
[Black "Mustaps, Matiss"]
[Result "0-1"]
[WhiteElo "2477"]
[BlackElo "2354"]
[Annotator "TA"]
[PlyCount "58"]
[EventDate "2018.11.24"]
[EventType "swiss"]
[EventCountry "LAT"]

{[%evp 12,58,-12,-12,5,7,-14,-25,18,7,14,2,4,-83,-112,-190,-201,-256,-277,-277,-264,-342,-325,-521,-507,-387,-121,-126,-95,-109,-103,-456,-454,-456,-425,-479,-487,-487,-469,-1020,-1020,-1017,-1008,-29986,-868,-831,-851,-836,-841]} 1. c4 Nf6 2. Nc3 e5 {[%cal Be7e5,Be5e4][%mdl 32]} 3. Nf3 e4 4. Ng5 b5 5. cxb5 d5 6. d3 {A22: English Opening: 1...e5 2 Nc3 Nf6} (6. d4 h6 7. Nh3 Bxh3 8. gxh3 Bd6 9. Qb3 Qd7 10. Bd2 Qe6 11. Nd1 O-O 12. h4 c5 13. Bh3 {1-0 (42) Danchevski,O (2352)-Jovic,S (2310) Ohrid 2016}) 6... h6 7. Nh3 {LiveBook: 3 Games} exd3 8. Qxd3 $146 {The position is equal.} ({Predecessor:} 8. e3 a6 9. Bxd3 axb5 10. Nxb5 c6 11. Nd4 c5 12. Bb5+ Bd7 13. Bxd7+ Qxd7 {0-1 (37) Schubert,W (2000)-Schulz,G (2162) GER email 2013}) 8... d4 9. Ne4 Bb4+ (9... Bb7 {with more complications.} 10. Nxf6+ Qxf6 11. Nf4 Bd6 12. Nh5 Qe5) 10. Bd2 Bxd2+ 11. Nxd2 O-O 12. Nb3 (12. Nf4 $11) 12... c5 $1 $17 13. Nxc5 (13. Nf4 $17) 13... Bxh3 $1 $19 14. Qxh3 ({Much worse is} 14. gxh3 Qd5) 14... Qa5+ {[%mdl 64] Double Attack} 15. Kd1 Nbd7 $1 {[%cal Rd7c5]} 16. Nb3 Qb4 ({Less strong is} 16... Qxb5 17. Qd3 $11) 17. Qd3 $2 (17. Qf5 Rac8 18. Rc1) 17... Ne5 $1 {[%cal Re5d3]} 18. Qd2 Qa4 $2 (18... Qe7 $19 {has better winning chances.} 19. Qf4 (19. Nxd4 $2 Ne4 $19) 19... Nc4) 19. Qa5 $17 {[#]} Qc4 $1 {[%mdl 1024] Black has strong compensation.} 20. Rc1 Qe6 $36 {[%mdl 2048] Black is on the roll.} 21. Qa6 $2 {[%mdl 8192]} (21. Nxd4 $17 Rfd8 22. e3) 21... Qf5 $19 {And now ...Nfg4 would win.} 22. f3 d3 23. Qa4 {intending e3.} dxe2+ 24. Bxe2 Rad8+ 25. Ke1 (25. Nd2 $142 Qg5 26. Rc2) 25... Rfe8 26. Kf1 Nd3 {[%mdl 64] White must now prevent ...Rxe2. Double Attack} 27. Rd1 {[#]} Nxb2 (27... Rxe2 $142 $1 {[%mdl 512]} 28. Kxe2 Qe5+ 29. Qe4 Nxe4 30. Rxd3 Ng3+ {[%mdl 64] Double Attack, Discovered Attack (Double check)} 31. Kd2 Qxb2+ {[%mdl 64] Double Attack} 32. Ke3 Qe2+ 33. Kf4 Nh5+ 34. Kg4 Qxg2+ {[%mdl 64] Double Attack} 35. Kh4 Qg5+ 36. Kh3 Nf4#) 28. Rxd8 Nxa4 29. Rxe8+ Nxe8 {Accuracy: White = 31%, Black = 67%.} 0-1

[Event "Olaine Open Rapid 2018"]
[Site "Olaine"]
[Date "2018.11.25"]
[Round "5.4"]
[White "Antoms, Guntars"]
[Black "Berzinsh, Roland"]
[Result "1-0"]
[WhiteElo "2340"]
[BlackElo "2409"]
[PlyCount "83"]
[EventDate "2018.11.24"]
[EventType "swiss"]
[EventCountry "LAT"]
[TimeControl "600+5"]
[WhiteClock "0:00:21"]
[BlackClock "0:01:01"]

1. c4 {[%emt 0:00:00]} e5 {[%emt 0:00:00]} 2. Nc3 {[%emt 0:00:00]} Nc6 {[%emt 0:00:06]} 3. e3 {[%emt 0:00:19]} Nf6 {[%emt 0:00:04]} 4. Nf3 {[%emt 0:00:03]} Bb4 {[%emt 0:00:08]} 5. Qc2 {[%emt 0:00:03]} O-O {[%emt 0:00:27]} 6. Nd5 {[%emt 0:00:47]} Re8 {[%emt 0:00:03]} 7. a3 {[%emt 0:00:18]} Bf8 {[%emt 0:00:09]} 8. Ng5 {[%emt 0:00:11]} g6 {[%emt 0:00:12]} 9. h4 {[%emt 0:00:07]} d6 {[%emt 0:00:41]} 10. b4 {[%emt 0:00:45]} Bf5 {[%emt 0:01:59]} 11. d3 {[%emt 0:00:28]} Bg7 {[%emt 0:01:16]} 12. Bb2 {[%emt 0:00:08]} Be6 {[%emt 0:00:36]} 13. Nxe6 {[%emt 0:01:00]} Rxe6 {[%emt 0:00:02]} 14. O-O-O {[%emt 0:00:20]} Ne7 {[%emt 0:01:02]} 15. Nxf6+ {[%emt 0:00:13]} Bxf6 {[%emt 0:00:02]} 16. h5 {[%emt 0:00:02]} d5 {[%emt 0:00:10]} 17. g4 {[%emt 0:01:36]} a5 {[%emt 0:00:04]} 18. hxg6 {[%emt 0:00:21]} hxg6 {[%emt 0:00:03]} 19. f4 {[%emt 0:00:24]} axb4 {[%emt 0:00:12]} 20. axb4 {[%emt 0:00:15]} exf4 {[%emt 0:00:15]} 21. g5 {[%emt 0:00:16]} Bxb2+ {[%emt 0:01:59]} 22. Qxb2 {[%emt 0:00:02]} d4 {[%emt 0:00:00]} 23. Qh2 {[%emt 0:00:51]} Kf8 {[%emt 0:00:02]} 24. Qh6+ {[%emt 0:00:44]} Ke8 {[%emt 0:00:01]} 25. Qh8+ {[%emt 0:00:00]} Kd7 {[%emt 0:00:01]} 26. Qxd4+ {[%emt 0:00:02]} Rd6 {[%emt 0:00:20]} 27. Bh3+ {[%emt 0:00:07]} Nf5 {[%emt 0:00:01]} 28. Bxf5+ {[%emt 0:00:20]} gxf5 {[%emt 0:00:01]} 29. Qxf4 {[%emt 0:00:03]} Ke7 {[%emt 0:00:54]} 30. Kb2 {[%emt 0:00:35]} Ra4 {[%emt 0:00:15]} 31. Kb3 {[%emt 0:00:43]} Qa8 {[%emt 0:01:06]} 32. Qe5+ {[%emt 0:00:07]} Kd7 {[%emt 0:00:15]} 33. Qxf5+ {[%emt 0:00:12]} Ke7 {[%emt 0:00:08]} 34. Qe5+ Kd7 35. Qb5+ {[%emt 0:00:10]} c6 {[%emt 0:00:01]} 36. Qf5+ {[%emt 0:00:11]} Kc7 {[%emt 0:00:08]} 37. Qxf7+ {[%emt 0:00:06]} Rd7 {[%emt 0:00:01]} 38. Qf4+ {[%emt 0:00:02]} Kb6 {[%emt 0:00:03]} 39. c5+ {[%emt 0:00:10]} Ka6 {[%emt 0:00:09]} 40. Kxa4 {[%emt 0:00:10]} b5+ {[%emt 0:00:06]} 41. cxb6 {[%emt 0:00:17]} Kxb6+ {[%emt 0:00:02]} 42. Kb3 {[%emt 0:00:01]} 1-0

[Event "Olaine Open Rapid 2018"]
[Site "Olaine"]
[Date "2018.11.25"]
[Round "5.5"]
[White "Gudovskis, Konstantins"]
[Black "Ramma, Kaspars"]
[Result "1/2-1/2"]
[WhiteElo "2032"]
[BlackElo "2107"]
[PlyCount "110"]
[EventDate "2018.11.24"]
[EventType "swiss"]
[EventCountry "LAT"]
[TimeControl "600+5"]
[WhiteClock "0:00:47"]
[BlackClock "0:00:34"]

1. d4 {[%emt 0:00:00]} d5 {[%emt 0:00:00]} 2. Nf3 {[%emt 0:00:01]} Nf6 {[%emt 0:00:00]} 3. c4 {[%emt 0:00:03]} c6 {[%emt 0:00:00]} 4. Nc3 {[%emt 0:00:03]} a6 {[%emt 0:00:01]} 5. c5 {[%emt 0:00:07]} Bf5 {[%emt 0:00:07]} 6. Bf4 {[%emt 0:00:05]} Nbd7 {[%emt 0:00:03]} 7. h3 {[%emt 0:00:21]} Ne4 {[%emt 0:00:30]} 8. e3 {[%emt 0:00:46]} e6 {[%emt 0:00:55]} 9. Bd3 {[%emt 0:00:17]} b5 {[%emt 0:01:16]} 10. O-O {[%emt 0:01:21]} Be7 {[%emt 0:01:20]} 11. Qc2 {[%emt 0:00:29]} Nxc3 {[%emt 0:01:21]} 12. bxc3 {[%emt 0:00:06]} Bxd3 {[%emt 0:00:09]} 13. Qxd3 {[%emt 0:00:02]} f5 {[%emt 0:00:14]} 14. Ne5 {[%emt 0:01:04]} Nxe5 {[%emt 0:00:14]} 15. Bxe5 {[%emt 0:00:02]} O-O {[%emt 0:00:19]} 16. a4 {[%emt 0:00:09]} Bf6 {[%emt 0:01:19]} 17. Bxf6 {[%emt 0:01:54]} Qxf6 {[%emt 0:00:03]} 18. f4 {[%emt 0:00:27]} g5 {[%emt 0:00:10]} 19. Ra2 {[%emt 0:00:02]} gxf4 {[%emt 0:00:37]} 20. exf4 {[%emt 0:00:13]} Qh6 {[%emt 0:00:45]} 21. Qf3 {[%emt 0:00:12]} Rac8 {[%emt 0:00:33]} 22. Re1 {[%emt 0:00:28]} Rf6 {[%emt 0:00:15]} 23. axb5 {[%emt 0:00:28]} axb5 {[%emt 0:00:01]} 24. Ra7 {[%emt 0:00:22]} Rf7 {[%emt 0:00:24]} 25. Qg3+ {[%emt 0:01:08]} Qg7 {[%emt 0:00:04]} 26. Qxg7+ {[%emt 0:00:23]} Kxg7 {[%emt 0:00:01]} 27. Rxf7+ {[%emt 0:00:14]} Kxf7 {[%emt 0:00:01]} 28. Ra1 {[%emt 0:00:02]} Rb8 {[%emt 0:00:10]} 29. Ra7+ {[%emt 0:00:06]} Kf6 {[%emt 0:00:07]} 30. Rc7 {[%emt 0:00:03]} b4 {[%emt 0:00:03]} 31. cxb4 {[%emt 0:01:00]} Rxb4 {[%emt 0:00:01]} 32. Kf2 {[%emt 0:00:12]} Rxd4 {[%emt 0:00:04]} 33. g3 {[%emt 0:00:01]} h5 {[%emt 0:00:08]} 34. Rxc6 {[%emt 0:00:03]} h4 {[%emt 0:00:02]} 35. Rc8 {[%emt 0:00:09]} Rc4 {[%emt 0:00:32]} 36. gxh4 {[%emt 0:00:20]} Rxf4+ {[%emt 0:00:05]} 37. Kg3 {[%emt 0:00:08]} Rc4 {[%emt 0:00:05]} 38. c6 {[%emt 0:00:09]} Ke7 {[%emt 0:00:10]} 39. h5 {[%emt 0:00:03]} f4+ {[%emt 0:00:15]} 40. Kg4 {[%emt 0:00:06]} f3+ {[%emt 0:00:24]} 41. Kxf3 {[%emt 0:00:09]} Rh4 {[%emt 0:00:01]} 42. c7 {[%emt 0:00:05]} Kd7 {[%emt 0:00:05]} 43. Re8 {[%emt 0:00:04]} Kxc7 {[%emt 0:00:04]} 44. Rxe6 {[%emt 0:00:04]} Rxh5 {[%emt 0:00:01]} 45. Kg4 {[%emt 0:00:06]} Rh7 {[%emt 0:00:02]} 46. h4 {[%emt 0:00:05]} Kd7 {[%emt 0:00:04]} 47. Re1 {[%emt 0:00:02]} Kd6 {[%emt 0:00:05]} 48. h5 {[%emt 0:00:03]} d4 {[%emt 0:00:03]} 49. Rd1 {[%emt 0:00:02]} Kd5 {[%emt 0:00:02]} 50. Kg5 {[%emt 0:00:01]} Kc4 {[%emt 0:00:04]} 51. h6 {[%emt 0:00:03]} d3 {[%emt 0:00:03]} 52. Kg6 {[%emt 0:00:01]} Rh8 {[%emt 0:00:12]} 53. h7 {[%emt 0:00:02]} Kc3 {[%emt 0:00:08]} 54. Rxd3+ {[%emt 0:00:04]} Kxd3 {[%emt 0:00:01]} 55. Kg7 {[%emt 0:00:01]} Rxh7+ {[%emt 0:00:01]} 1/2-1/2

[Event "Olaine Open Rapid 2018"]
[Site "Olaine"]
[Date "2018.11.25"]
[Round "5.6"]
[White "Rogule, Laura"]
[Black "Mierins, Eriks"]
[Result "1-0"]
[WhiteElo "2263"]
[BlackElo "2240"]
[PlyCount "41"]
[EventDate "2018.11.24"]
[EventType "swiss"]
[EventCountry "LAT"]
[TimeControl "600+5"]
[WhiteClock "0:10:05"]
[BlackClock "0:03:25"]

1. e4 {[%emt 0:00:00]} e5 {[%emt 0:00:00]} 2. Nf3 {[%emt 0:00:00]} Nc6 {[%emt 0:00:00]} 3. Bc4 {[%emt 0:00:00]} Bc5 {[%emt 0:00:00]} 4. O-O {[%emt 0:00:12]} Nf6 {[%emt 0:00:00]} 5. d3 {[%emt 0:00:04]} O-O {[%emt 0:00:09]} 6. Be3 {[%emt 0:00:04]} Bxe3 {[%emt 0:00:05]} 7. fxe3 {[%emt 0:00:02]} d5 {[%emt 0:00:02]} 8. exd5 {[%emt 0:00:09]} Nxd5 {[%emt 0:00:01]} 9. Qe1 {[%emt 0:00:34]} Bg4 {[%emt 0:00:09]} 10. Nbd2 {[%emt 0:00:17]} Na5 {[%emt 0:00:16]} 11. Nxe5 {[%emt 0:00:23]} Nxc4 {[%emt 0:00:02]} 12. dxc4 {[%emt 0:00:43]} Nf6 {[%emt 0:00:12]} 13. Rxf6 {[%emt 0:00:11]} Qxf6 {[%emt 0:00:01]} 14. Nxg4 {[%emt 0:00:03]} Qxb2 {[%emt 0:00:02]} 15. Nf3 {[%emt 0:01:58]} Qxc2 {[%emt 0:00:07]} 16. Qh4 {[%emt 0:01:12]} Rad8 {[%emt 0:00:08]} 17. Nd4 {[%emt 0:01:26]} Qxc4 {[%emt 0:00:03]} 18. Rf1 {[%emt 0:00:33]} c5 {[%emt 0:00:07]} 19. Nf5 {[%emt 0:00:14]} Qe2 {[%emt 0:00:06]} 20. Nf6+ {[%emt 0:00:14]} gxf6 {[%emt 0:00:05]} 21. Qg3+ {[%emt 0:00:01]} 1-0

[Event "Olaine Open Rapid 2018"]
[Site "Olaine"]
[Date "2018.11.25"]
[Round "6.1"]
[White "Neiksans, Arturs"]
[Black "Lavendelis, Egons"]
[Result "1/2-1/2"]
[WhiteElo "2553"]
[BlackElo "2290"]
[Annotator "TA"]
[PlyCount "46"]
[EventDate "2018.11.24"]
[EventType "swiss"]
[EventCountry "LAT"]

{[%evp 15,46,19,42,42,42,42,66,63,54,54,60,62,68,45,67,46,30,43,43,72,35,12,24,43,43,-14,-14,-18,-10,-10,-13,-23,26]} 1. e4 c5 2. Nf3 Nc6 3. Bb5 g6 4. Bxc6 dxc6 5. d3 Bg7 6. h3 e5 7. O-O b6 {B31: Sicilian: 2...Nc6 3 Bb5 g6} (7... Qe7 8. Nbd2 Be6 9. a3 g5 10. Nc4 O-O-O 11. Bxg5 f6 12. Bd2 Nh6 13. b3 Rhg8 14. Kh1 Bf8 15. Bxh6 Bxh6 {½-½ (57) Howell,D (2655)-Lupulescu,C (2609) Novi Sad 2016}) 8. a3 Ne7 {LiveBook: 3 Games} 9. b4 cxb4 {White is slightly better.} 10. axb4 O-O 11. Bb2 Qc7 12. Nbd2 f6 13. Qe2 $146 ({Predecessor:} 13. Nc4) 13... Be6 14. d4 exd4 15. Nxd4 Bf7 16. Rfe1 Rad8 17. N2f3 Nc8 {[%cal Be7c8,Bc8d6,Bd6c4][%mdl 32]} 18. b5 cxb5 19. Nxb5 Qb7 20. Qe3 ({Better is} 20. e5 $14) 20... a6 $11 21. Nbd4 Nd6 22. Nd2 Rfe8 23. Qf4 Nc4 {Accuracy: White = 68%, Black = 87%.} 1/2-1/2